Rethinking modernity : postcolonialism and the sociological imagination (Record no. 1308297)
[ view plain ]
| 000 -LEADER | |
|---|---|
| fixed length control field | 01634nam a2200229 4500 |
| 005 - DATE AND TIME OF LATEST TRANSACTION | |
| control field | 20250329145557.0 |
| 008 - FIXED-LENGTH DATA ELEMENTS--GENERAL INFORMATION | |
| fixed length control field | 250329b |||||||| |||| 00| 0 eng d |
| 020 ## - INTERNATIONAL STANDARD BOOK NUMBER | |
| International Standard Book Number | 9783031215391 |
| 037 ## - SOURCE OF ACQUISITION | |
| Terms of availability | Textual |
| 040 ## - CATALOGING SOURCE | |
| Original cataloging agency | RTL |
| Transcribing agency | RTL |
| 084 ## - COLON CLASSIFICATION NUMBER | |
| Classification number | Y:3(NA) R3 |
| Assigning agency | RTL |
| 100 ## - MAIN ENTRY--PERSONAL NAME | |
| Personal name | Bhambra, Gurminder K. |
| 9 (RLIN) | 324486 |
| 245 ## - TITLE STATEMENT | |
| Title | Rethinking modernity : postcolonialism and the sociological imagination |
| 250 ## - EDITION STATEMENT | |
| Edition statement | 2nd |
| 260 ## - PUBLICATION, DISTRIBUTION, ETC. | |
| Place of publication, distribution, etc. | UK |
| Name of publisher, distributor, etc. | Palgrave Macmillan |
| Date of publication, distribution, etc. | 2023 |
| 300 ## - PHYSICAL DESCRIPTION | |
| Extent | xli, 257p. |
| Other physical details | Includes bibliographical references, notes and index |
| 520 ## - SUMMARY, ETC. | |
| Summary, etc. | Rethinking Modernity presents a fundamental reconstruction of the idea of modernity in contemporary sociology and social theory. It criticizes the abstraction of European modernity from its colonial context as well as the way in which the experiences of non-Western 'others' are regarded as having no contribution to make to such understandings. In challenging the dominant, Eurocentred accounts of the emergence and development of modernity, Gurminder Bhambra presents an argument for the recognition of 'connected histories' in the reconstruction of historical sociology at a global level. She addresses three supposedly 'founding moments' in the narrative of modernity - the Renaissance, the French Revolution, and the Industrial Revolutions - in order to identity myths of origin which remain embedded in dominant accounts of modernity, whether of modernization theory or multiple modernities. Book jacket."--Jacket |
| 650 ## - SUBJECT ADDED ENTRY--TOPICAL TERM | |
| Topical term or geographic name entry element | Postcolonialism |
| 9 (RLIN) | 32352 |
| 650 ## - SUBJECT ADDED ENTRY--TOPICAL TERM | |
| Topical term or geographic name entry element | Sociology |
| 650 ## - SUBJECT ADDED ENTRY--TOPICAL TERM | |
| Topical term or geographic name entry element | Historiography |
| 942 ## - ADDED ENTRY ELEMENTS (KOHA) | |
| Source of classification or shelving scheme | Colon Classification (CC) |
| Suppress in OPAC | No |
| Koha item type | Textbook |
| Classification part | Y:3(NA) R3 |
| Withdrawn status | Lost status | Source of classification or shelving scheme | Damaged status | Not for loan | Home library | Current library | Date acquired | Total Checkouts | Full call number | Barcode | Date last seen | Price effective from | Koha item type |
|---|---|---|---|---|---|---|---|---|---|---|---|---|---|
| Colon Classification (CC) | Ratan Tata Library | Ratan Tata Library | 2025-03-29 | Y:3(NA) R3 | RT1528349 | 2025-03-29 | 2025-03-29 | Textbook |
